000 01183cad a22002055a 4500
001 L147500
008 090519s20090409xxkd f 000 0 eng d
035 _a(Sirsi) u147500
041 0 _aeng
110 2 _aGlenigan Group
_93641
245 0 0 _aNew project starts, slump by 35 per cent
260 _c2009
490 0 _aThe Glenigan Index
_v April 2009
505 2 _aThe Glenigan Index for March recorded a 35% fall in new project starts, due to a continued drop in housing and non-residential building. In contrast civil engineering project starts have strengthened sharply since the start of the year. Conditions remain especially difficult in the housing sectors with the Residential Index for March recording starts at less than half the level of a year ago. Whilst the decline has been primarily driven by a sharp fall in private housing project starts, the flow of new social housing schemes is also down on a year ago.
590 _aKA NTK
651 4 _aEngland and Wales
_y1543-
690 _aBlock management
_96220
856 4 0 _uhttps://www.glenigan.com/free_downloads/Glenigan_NewsletterApr09.pdf
_zView the website free of charge at www.glenigan.com...
942 _n0
999 _c109587
_d109587